Statistics for Biggest Cities in Europe - Extreme

Click here to take the quiz!

General Stats

  • This quiz has been taken 34,937 times
    (10,350 since last reset)
  • The average score is 82 of 198

Answer Stats

Population Answer % Correct
14.8mLondon
99%
11.4mParis
99%
17.3mMoscow
97%
6.55mMadrid
97%
4.73mBerlin
96%
3.58mRome
96%
4.78mBarcelona
95%
1.19mOslo
93%
1.39mDublin
92%
3.05mManchester
91%
2.48mLisbon
91%
2.48mAmsterdam
91%
2.23mStockholm
91%
3.35mAthens
91%
6.20mMilan
91%
5.65mSaint Petersburg
90%
16.0mIstanbul
90%
2.38mWarsaw
89%
2.70mBrussels
89%
1.30mHelsinki
89%
2.25mMunich
89%
3.48mKiev
88%
2.25mVienna
88%
2.63mBudapest
87%
1.68mCopenhagen
86%
1.68mGlasgow
85%
935kEdinburgh
84%
1.44mPrague
84%
2.88mHamburg
83%
1.88mLiverpool
83%
4.23mNaples
82%
2.20mBucharest
82%
3.25mRotterdam / The Hague
82%
423kBern
82%
1.66mMarseille
81%
1.30mSofia
80%
3.25mFrankfurt am Main
79%
433kVenice
79%
1.98mLyon
79%
3.15mBirmingham
78%
688kRiga
78%
809kZagreb
78%
1.43mZürich
77%
5.00mCologne / Düsseldorf
76%
465kTallinn
76%
1.54mPorto
76%
2.00mMinsk
75%
1.42mBelgrade
72%
623kBelfast
72%
1.29mSeville
71%
791kGeneva
71%
1.01mFlorence
71%
1.64mTurin
71%
946kNice
71%
476kBratislava
70%
1.84mValencia
70%
572kVilnius
68%
2.18mLeeds
68%
819kKraków
67%
960kCardiff
66%
1.08mBordeaux
61%
900kPalermo
59%
1.22mAntwerp
58%
911kBilbao
58%
872kTirana
58%
1.48mNewcastle
58%
904kGdańsk
57%
489kMalmö
55%
581kGenoa
55%
2.40mStuttgart
55%
708kGothenburg
54%
834kDresden
52%
806kThessaloniki
51%
553kSkopje
50%
1.04mToulouse
50%
926kBristol
50%
542kStrasbourg
49%
1.03mMálaga
48%
1.57mSheffield
47%
1.29mLille
47%
1.11mOdessa
46%
1.20mNuremberg
45%
748kLeipzig
44%
613kBologna
44%
1.15mHanover
44%
1.16mSouthampton
44%
1.00mBremen
44%
585kChișinău
43%
1.38mNottingham
42%
716kNantes
41%
460kValletta
38%
726kZaragoza
38%
1.41mVolgograd
37%
586kBari
36%
524kGranada
36%
712kLeicester
35%
419kSwansea
34%
471kGhent
34%
596kBrighton
34%
1.44mDonetsk
33%
463kVerona
33%
1.73mNizhny Novgorod
32%
771kBasel
31%
995kUtrecht
31%
1.66mYekaterinburg
30%
829kŁódź
30%
423kBrno
30%
528kMontpellier
29%
725kLviv
29%
472kPalma de Mallorca
29%
1.64mKharkiv
27%
1.30mRostov-on-Don
26%
1.26mKazan
26%
552kEindhoven
25%
641kWrocław
25%
1.58mMannheim
24%
439kSochi
24%
490kAlicante
24%
409kRennes
24%
403kKingston-upon-Hull
23%
704kCatania
23%
1.39mDnipro
22%
432kCagliari
22%
685kMurcia
22%
653kLiège
22%
598kPoznań
21%
435kSzczecin
20%
813kAachen / Heerlen
19%
482kKaliningrad
19%
1.30mSamara
19%
409kSevastopol
18%
1.13mUfa
18%
539kGrenoble
17%
712kCoventry
17%
1.10mPerm
17%
431kLausanne
17%
426kSan Sebastian
16%
406kVigo
15%
553kBournemouth
14%
442kStoke-on-Trent
14%
438kPlovdiv
14%
915kKrasnodar
14%
487kRouen
14%
491kPadua
14%
515kAugsburg
14%
581kToulon
14%
446kMetz
12%
1.41mChelyabinsk
12%
516kKarlsruhe
12%
1.06mVoronezh
12%
520kOstrava
12%
511kMiddlesbrough
12%
935kBielefeld
12%
402kTours
11%
907kSaarbrücken
11%
1.09mSaratov
10%
404kLuhansk
10%
441kSaint Étienne
10%
427kCharleroi
10%
458kBrescia
10%
482kAvignon
10%
583kBreda / Tilburg
9%
560kArnhem / Nijmegen
9%
610kYaroslavl
7%
518kDouai / Lens
7%
401kTaranto
7%
449kChemnitz
6%
446kGrozny
6%
756kTolyatti
6%
479kTula
6%
440kMariupol
6%
450kKursk
6%
451kBlackburn
6%
534kAstrakhan
6%
537kGomel
6%
739kZaporizhia
5%
402kTarragona
5%
421kTver
5%
502kMönchengladbach
5%
628kUlyanovsk
5%
625kKryvyi Rih
5%
528kStavropol
5%
558kRyazan
5%
565kOrenburg
5%
585kKirov
5%
404kBryansk
4%
438kBrunswick
4%
414kEnschede
4%
720kMakhachkala
4%
587kPenza
4%
649kIzhevsk
4%
413kMagnitogorsk
3%
436kIvanovo
3%
556kLipetsk
3%
534kNaberezhnye Chelny
3%
483kMykolaiv
3%
409kBelgorod
3%
622kCheboksary
2%

Score Distribution

Percentile by Number Answered

Percent of People with Each Score

Your Score History

You have not taken this quiz since the last reset